[Event "DEM U18w 2024"]
[Site "Willingen GER"]
[Date "2024.05.22"]
[Round "5"]
[White "Buchholz, Maja Patricia"]
[Black "von Beckh, Frieda"]
[Result "1-0"]
[Termination "normal"]
[Board "3"]
[WhiteElo "2030"]
[BlackElo "1764"]
[WhiteClock "00:05:48"]
[BlackClock "00:16:41"]
[PlyCount "67"]
[WhiteFideId "16200500"]
[BlackFideId "16233751"]
[EventCountry "GER"]
[EventRounds "9"]
[EventType "swiss"]
[EventDate "2024.05.18"]

1. d4 {[%clk 01:30:56]} {[%emt 00:00:04]} d5 {[%clk 01:30:57]} {[%emt
00:00:04]} 2. c4 {[%clk 01:31:20]} {[%emt 00:00:05]} e6 {[%clk 01:31:20]}
{[%emt 00:00:07]} 3. Nf3 {[%clk 01:31:45]} {[%emt 00:00:06]} c5 {[%clk
01:31:44]} {[%emt 00:00:06]} 4. cxd5 {[%clk 01:32:06]} {[%emt 00:00:08]} exd5
{[%clk 01:32:09]} {[%emt 00:00:06]} 5. g3 {[%clk 01:32:29]} {[%emt 00:00:07]}
Nc6 {[%clk 01:32:32]} {[%emt 00:00:07]} 6. Bg2 {[%clk 01:32:48]} {[%emt
00:00:10]} Nf6 {[%clk 01:32:47]} {[%emt 00:00:15]} 7. O-O {[%clk 01:32:42]}
{[%emt 00:00:37]} Be7 {[%clk 01:32:30]} {[%emt 00:00:47]} 8. Nc3 {[%clk
01:32:09]} {[%emt 00:01:02]} O-O {[%clk 01:32:11]} {[%emt 00:00:50]} 9. dxc5
{[%clk 01:31:13]} {[%emt 00:01:27]} Bxc5 {[%clk 01:32:29]} {[%emt 00:00:11]}
10. Na4 {[%clk 01:30:48]} {[%emt 00:00:55]} Be7 {[%clk 01:31:34]} {[%emt
00:01:24]} 11. Be3 {[%clk 01:30:52]} {[%emt 00:00:26]} Ne4 {[%clk 01:27:54]}
{[%emt 00:04:10]} 12. Rc1 {[%clk 01:30:05]} {[%emt 00:01:17]} Be6 {[%clk
01:24:19]} {[%emt 00:04:06]} 13. Nd4 {[%clk 01:28:47]} {[%emt 00:01:48]} Nxd4
{[%clk 01:12:51]} {[%emt 00:11:58]} 14. Bxd4 {[%clk 01:28:50]} {[%emt
00:00:27]} Bf6 {[%clk 01:09:46]} {[%emt 00:03:33]} 15. e3 {[%clk 01:07:31]}
{[%emt 00:21:50]} b6 {[%clk 01:06:46]} {[%emt 00:03:30]} 16. Nc3 {[%clk
01:01:40]} {[%emt 00:06:21]} Bxd4 {[%clk 00:56:38]} {[%emt 00:10:39]} 17. Qxd4
{[%clk 01:01:56]} {[%emt 00:00:13]} Nxc3 {[%clk 00:56:00]} {[%emt 00:01:07]}
18. Rxc3 {[%clk 01:02:11]} {[%emt 00:00:16]} Qe7 {[%clk 00:48:22]} {[%emt
00:08:08]} 19. Rfc1 {[%clk 00:46:11]} {[%emt 00:16:30]} Rad8 {[%clk 00:45:29]}
{[%emt 00:03:23]} 20. Qe5 {[%clk 00:29:13]} {[%emt 00:17:28]} f6 {[%clk
00:43:51]} {[%emt 00:02:09]} 21. Qd4 {[%clk 00:28:59]} {[%emt 00:00:43]} Rd7
{[%clk 00:41:20]} {[%emt 00:03:02]} 22. Bf1 {[%clk 00:27:23]} {[%emt 00:02:05]}
Bf5 {[%clk 00:29:04]} {[%emt 00:12:46]} 23. Bb5 {[%clk 00:25:42]} {[%emt
00:02:11]} Be4 {[%clk 00:27:57]} {[%emt 00:01:38]} 24. Bxd7 {[%clk 00:23:10]}
{[%emt 00:03:02]} Qxd7 {[%clk 00:28:19]} {[%emt 00:00:08]} 25. Qd1 {[%clk
00:23:20]} {[%emt 00:00:19]} Qf5 {[%clk 00:27:19]} {[%emt 00:01:28]} 26. g4
{[%clk 00:21:30]} {[%emt 00:02:22]} Qe6 {[%clk 00:24:20]} {[%emt 00:03:30]} 27.
Rc6 {[%clk 00:14:26]} {[%emt 00:07:33]} Qe5 {[%clk 00:23:33]} {[%emt 00:01:17]}
28. f3 {[%clk 00:13:37]} {[%emt 00:01:19]} Bg6 {[%clk 00:22:26]} {[%emt
00:01:37]} 29. Qd4 {[%clk 00:13:12]} {[%emt 00:00:55]} Qg5 {[%clk 00:20:28]}
{[%emt 00:02:28]} 30. Qf4 {[%clk 00:12:43]} {[%emt 00:00:59]} Qh4 {[%clk
00:19:37]} {[%emt 00:01:21]} 31. Rc8 {[%clk 00:10:09]} {[%emt 00:03:05]} Be8
{[%clk 00:18:56]} {[%emt 00:01:11]} 32. Qf5 {[%clk 00:09:08]} {[%emt 00:01:31]}
g6 {[%clk 00:16:35]} {[%emt 00:02:51]} 33. Qxd5+ {[%clk 00:06:24]} {[%emt
00:03:14]} Kg7 {[%clk 00:16:41]} {[%emt 00:00:24]} 34. Qd6 {[%clk 00:05:48]}
{[%emt 00:01:05]} 1-0

[Event "DEM U18w 2024"]
[Site "Willingen GER"]
[Date "2024.05.22"]
[Round "5"]
[White "Hubert, Charlotte"]
[Black "Voigt, Anastasia"]
[Result "1/2-1/2"]
[Termination "normal"]
[Board "4"]
[WhiteElo "1893"]
[BlackElo "1992"]
[WhiteClock "00:15:17"]
[BlackClock "00:05:04"]
[PlyCount "103"]
[WhiteFideId "16265920"]
[BlackFideId "16235223"]
[EventCountry "GER"]
[EventRounds "9"]
[EventType "swiss"]
[EventDate "2024.05.18"]

1. e4 {[%clk 01:30:57]} {[%emt 00:00:03]} e5 {[%clk 01:30:56]} {[%emt
00:00:05]} 2. Nf3 {[%clk 01:31:22]} {[%emt 00:00:05]} Nc6 {[%clk 01:31:22]}
{[%emt 00:00:04]} 3. Bb5 {[%clk 01:31:44]} {[%emt 00:00:08]} a6 {[%clk
01:31:44]} {[%emt 00:00:08]} 4. Ba4 {[%clk 01:32:09]} {[%emt 00:00:05]} Nf6
{[%clk 01:32:09]} {[%emt 00:00:04]} 5. O-O {[%clk 01:32:32]} {[%emt 00:00:07]}
Be7 {[%clk 01:32:35]} {[%emt 00:00:05]} 6. d3 {[%clk 01:32:57]} {[%emt
00:00:05]} b5 {[%clk 01:32:50]} {[%emt 00:00:15]} 7. Bb3 {[%clk 01:33:23]}
{[%emt 00:00:05]} d6 {[%clk 01:33:11]} {[%emt 00:00:09]} 8. a3 {[%clk
01:33:48]} {[%emt 00:00:05]} O-O {[%clk 01:33:02]} {[%emt 00:00:38]} 9. Nc3
{[%clk 01:33:36]} {[%emt 00:00:42]} Bg4 {[%clk 01:27:38]} {[%emt 00:05:53]} 10.
h3 {[%clk 01:23:34]} {[%emt 00:10:32]} Bxf3 {[%clk 01:27:57]} {[%emt 00:00:11]}
11. Qxf3 {[%clk 01:24:01]} {[%emt 00:00:04]} Nd4 {[%clk 01:28:17]} {[%emt
00:00:10]} 12. Qd1 {[%clk 01:24:17]} {[%emt 00:00:13]} Nxb3 {[%clk 01:24:11]}
{[%emt 00:04:37]} 13. cxb3 {[%clk 01:24:43]} {[%emt 00:00:04]} c6 {[%clk
01:23:35]} {[%emt 00:01:05]} 14. Qe2 {[%clk 01:05:38]} {[%emt 00:19:35]} Nd7
{[%clk 01:22:51]} {[%emt 00:01:14]} 15. b4 {[%clk 01:04:01]} {[%emt 00:02:08]}
a5 {[%clk 01:21:33]} {[%emt 00:01:48]} 16. Be3 {[%clk 00:57:20]} {[%emt
00:07:10]} Bg5 {[%clk 01:17:34]} {[%emt 00:04:29]} 17. d4 {[%clk 00:53:13]}
{[%emt 00:04:38]} Bxe3 {[%clk 01:14:52]} {[%emt 00:03:12]} 18. fxe3 {[%clk
00:50:39]} {[%emt 00:03:04]} Qb6 {[%clk 01:09:11]} {[%emt 00:06:09]} 19. Rad1
{[%clk 00:44:05]} {[%emt 00:07:06]} Rfd8 {[%clk 00:54:51]} {[%emt 00:14:46]}
20. Kh2 {[%clk 00:34:56]} {[%emt 00:09:42]} Nf6 {[%clk 00:50:53]} {[%emt
00:04:28]} 21. Rf5 {[%clk 00:26:56]} {[%emt 00:08:31]} Qc7 {[%clk 00:45:00]}
{[%emt 00:06:21]} 22. d5 {[%clk 00:23:38]} {[%emt 00:03:49]} axb4 {[%clk
00:44:21]} {[%emt 00:01:10]} 23. axb4 {[%clk 00:24:00]} {[%emt 00:00:08]} Rab8
{[%clk 00:43:28]} {[%emt 00:01:22]} 24. dxc6 {[%clk 00:19:28]} {[%emt
00:05:02]} Qxc6 {[%clk 00:17:27]} {[%emt 00:26:32]} 25. Rxf6 {[%clk 00:19:37]}
{[%emt 00:00:21]} gxf6 {[%clk 00:17:53]} {[%emt 00:00:04]} 26. Nd5 {[%clk
00:19:59]} {[%emt 00:00:08]} Kh8 {[%clk 00:16:18]} {[%emt 00:02:04]} 27. Qh5
{[%clk 00:18:27]} {[%emt 00:02:02]} Rg8 {[%clk 00:16:20]} {[%emt 00:00:28]} 28.
Nxf6 {[%clk 00:15:07]} {[%emt 00:03:50]} Rg7 {[%clk 00:16:42]} {[%emt
00:00:07]} 29. Rd2 {[%clk 00:13:11]} {[%emt 00:02:28]} Qc1 {[%clk 00:13:19]}
{[%emt 00:03:52]} 30. Qe2 {[%clk 00:08:34]} {[%emt 00:05:07]} Qc7 {[%clk
00:09:25]} {[%emt 00:04:21]} 31. Rc2 {[%clk 00:08:07]} {[%emt 00:01:00]} Qd8
{[%clk 00:08:50]} {[%emt 00:01:04]} 32. Qf1 {[%clk 00:05:49]} {[%emt 00:02:50]}
Rg6 {[%clk 00:07:39]} {[%emt 00:01:40]} 33. Rf2 {[%clk 00:05:09]} {[%emt
00:01:11]} Rb7 {[%clk 00:06:37]} {[%emt 00:01:30]} 34. b3 {[%clk 00:02:19]}
{[%emt 00:03:22]} Qe7 {[%clk 00:06:07]} {[%emt 00:00:57]} 35. Kh1 {[%clk
00:01:21]} {[%emt 00:01:30]} Qd8 {[%clk 00:01:09]} {[%emt 00:05:29]} 36. Kh2
{[%clk 00:00:51]} {[%emt 00:01:00]} Qf8 {[%clk 00:01:16]} {[%emt 00:00:20]} 37.
Rc2 {[%clk 00:00:43]} {[%emt 00:00:41]} Qd8 {[%clk 00:01:03]} {[%emt 00:00:42]}
38. Qf5 {[%clk 00:00:34]} {[%emt 00:00:39]} Rb8 {[%clk 00:00:45]} {[%emt
00:00:49]} 39. Rf2 {[%clk 00:00:36]} {[%emt 00:00:28]} Rb7 {[%clk 00:00:47]}
{[%emt 00:00:28]} 40. Rc2 {[%clk 00:00:56]} {[%emt 00:00:09]} Rb8 {[%clk
00:00:47]} {[%emt 00:00:31]} 41. Rf2 {[%clk 00:18:27]} {[%emt 00:12:59]} Ra8
{[%clk 00:21:18]} {[%emt 00:09:58]} 42. h4 {[%clk 00:14:34]} {[%emt 00:04:23]}
Ra3 {[%clk 00:12:53]} {[%emt 00:08:54]} 43. h5 {[%clk 00:13:21]} {[%emt
00:01:44]} Rxf6 {[%clk 00:07:44]} {[%emt 00:05:40]} 44. Qxf6+ {[%clk 00:13:43]}
{[%emt 00:00:07]} Qxf6 {[%clk 00:08:09]} {[%emt 00:00:05]} 45. Rxf6 {[%clk
00:14:10]} {[%emt 00:00:04]} Rxb3 {[%clk 00:07:02]} {[%emt 00:01:37]} 46. Rxf7
{[%clk 00:14:21]} {[%emt 00:00:19]} Rxb4 {[%clk 00:06:29]} {[%emt 00:01:03]}
47. h6 {[%clk 00:14:48]} {[%emt 00:00:03]} Kg8 {[%clk 00:06:34]} {[%emt
00:00:24]} 48. Rg7+ {[%clk 00:15:14]} {[%emt 00:00:04]} Kf8 {[%clk 00:04:21]}
{[%emt 00:02:44]} 49. Rxh7 {[%clk 00:15:04]} {[%emt 00:00:40]} Rxe4 {[%clk
00:04:47]} {[%emt 00:00:04]} 50. Rb7 {[%clk 00:14:26]} {[%emt 00:01:07]} Rh4+
{[%clk 00:04:42]} {[%emt 00:00:34]} 51. Kg3 {[%clk 00:14:51]} {[%emt 00:00:07]}
Rxh6 {[%clk 00:05:04]} {[%emt 00:00:08]} 52. Rxb5 {[%clk 00:15:17]} {[%emt
00:00:04]} 1/2-1/2

[Event "DEM U18w 2024"]
[Site "Willingen GER"]
[Date "2024.05.22"]
[Round "5"]
[White "Wagner, Margarethe"]
[Black "Wimmer, Katharina"]
[Result "1/2-1/2"]
[Termination "normal"]
[Board "5"]
[WhiteElo "2009"]
[BlackElo "1641"]
[WhiteClock "00:03:47"]
[BlackClock "00:28:19"]
[PlyCount "98"]
[WhiteFideId "16236947"]
[BlackFideId "16265947"]
[EventCountry "GER"]
[EventRounds "9"]
[EventType "swiss"]
[EventDate "2024.05.18"]

1. e4 {[%clk 01:30:58]} {[%emt 00:00:01]} e5 {[%clk 01:30:49]} {[%emt
00:00:11]} 2. Nf3 {[%clk 01:31:20]} {[%emt 00:00:08]} Nc6 {[%clk 01:31:14]}
{[%emt 00:00:06]} 3. Bb5 {[%clk 01:31:41]} {[%emt 00:00:09]} a6 {[%clk
01:31:36]} {[%emt 00:00:08]} 4. Ba4 {[%clk 01:32:04]} {[%emt 00:00:07]} d6
{[%clk 01:31:57]} {[%emt 00:00:08]} 5. O-O {[%clk 01:31:48]} {[%emt 00:00:46]}
Bd7 {[%clk 01:32:18]} {[%emt 00:00:09]} 6. c4 {[%clk 01:31:45]} {[%emt
00:00:33]} g6 {[%clk 01:31:48]} {[%emt 00:01:00]} 7. Nc3 {[%clk 01:29:22]}
{[%emt 00:02:53]} Bg7 {[%clk 01:31:20]} {[%emt 00:00:58]} 8. Re1 {[%clk
01:29:04]} {[%emt 00:00:48]} Nf6 {[%clk 01:29:41]} {[%emt 00:02:08]} 9. Bxc6
{[%clk 01:27:39]} {[%emt 00:01:56]} Bxc6 {[%clk 01:29:42]} {[%emt 00:00:30]}
10. d4 {[%clk 01:27:54]} {[%emt 00:00:14]} O-O {[%clk 01:27:11]} {[%emt
00:03:00]} 11. dxe5 {[%clk 01:05:25]} {[%emt 00:23:01]} dxe5 {[%clk 01:23:37]}
{[%emt 00:04:02]} 12. Qc2 {[%clk 01:03:45]} {[%emt 00:02:12]} Re8 {[%clk
01:18:24]} {[%emt 00:05:43]} 13. h3 {[%clk 01:03:36]} {[%emt 00:00:38]} Nd7
{[%clk 01:11:37]} {[%emt 00:07:17]} 14. b4 {[%clk 00:50:43]} {[%emt 00:13:23]}
Nb6 {[%clk 01:07:59]} {[%emt 00:04:08]} 15. c5 {[%clk 00:45:18]} {[%emt
00:05:55]} Nd7 {[%clk 01:07:27]} {[%emt 00:01:02]} 16. Be3 {[%clk 00:45:10]}
{[%emt 00:00:38]} b5 {[%clk 01:02:03]} {[%emt 00:05:54]} 17. Rad1 {[%clk
00:42:48]} {[%emt 00:02:53]} Qc8 {[%clk 00:59:44]} {[%emt 00:02:48]} 18. Nh2
{[%clk 00:38:04]} {[%emt 00:05:14]} Qb7 {[%clk 00:55:50]} {[%emt 00:04:24]} 19.
Nf1 {[%clk 00:34:00]} {[%emt 00:04:34]} a5 {[%clk 00:48:58]} {[%emt 00:07:22]}
20. a3 {[%clk 00:33:09]} {[%emt 00:01:22]} Nf8 {[%clk 00:40:13]} {[%emt
00:09:13]} 21. f3 {[%clk 00:28:55]} {[%emt 00:04:44]} Ne6 {[%clk 00:38:17]}
{[%emt 00:02:26]} 22. Bf2 {[%clk 00:26:49]} {[%emt 00:02:36]} Ra6 {[%clk
00:32:16]} {[%emt 00:06:30]} 23. Ne3 {[%clk 00:25:37]} {[%emt 00:01:44]} Rea8
{[%clk 00:28:50]} {[%emt 00:03:55]} 24. Ned5 {[%clk 00:25:05]} {[%emt
00:01:03]} Kf8 {[%clk 00:27:42]} {[%emt 00:01:37]} 25. Bh4 {[%clk 00:17:44]}
{[%emt 00:07:52]} g5 {[%clk 00:20:14]} {[%emt 00:07:58]} 26. Bg3 {[%clk
00:17:31]} {[%emt 00:00:43]} axb4 {[%clk 00:16:05]} {[%emt 00:04:39]} 27. axb4
{[%clk 00:17:54]} {[%emt 00:00:06]} Nd4 {[%clk 00:13:58]} {[%emt 00:02:37]} 28.
Qd2 {[%clk 00:18:03]} {[%emt 00:00:22]} h6 {[%clk 00:12:58]} {[%emt 00:01:30]}
29. h4 {[%clk 00:18:25]} {[%emt 00:00:08]} f6 {[%clk 00:12:21]} {[%emt
00:01:07]} 30. Bf2 {[%clk 00:18:19]} {[%emt 00:00:36]} Ne6 {[%clk 00:10:01]}
{[%emt 00:02:51]} 31. hxg5 {[%clk 00:14:15]} {[%emt 00:04:34]} hxg5 {[%clk
00:10:01]} {[%emt 00:00:30]} 32. g3 {[%clk 00:13:37]} {[%emt 00:01:07]} Rd8
{[%clk 00:07:15]} {[%emt 00:03:16]} 33. Qb2 {[%clk 00:08:54]} {[%emt 00:05:13]}
Kf7 {[%clk 00:06:49]} {[%emt 00:00:57]} 34. Kg2 {[%clk 00:09:17]} {[%emt
00:00:06]} Qa8 {[%clk 00:06:19]} {[%emt 00:01:01]} 35. Ra1 {[%clk 00:07:26]}
{[%emt 00:02:20]} Be8 {[%clk 00:03:46]} {[%emt 00:03:02]} 36. Rxa6 {[%clk
00:06:56]} {[%emt 00:01:01]} Qxa6 {[%clk 00:04:10]} {[%emt 00:00:06]} 37. Ra1
{[%clk 00:07:19]} {[%emt 00:00:08]} Qb7 {[%clk 00:04:31]} {[%emt 00:00:07]} 38.
Qa2 {[%clk 00:04:36]} {[%emt 00:03:14]} c6 {[%clk 00:02:15]} {[%emt 00:02:45]}
39. Ne3 {[%clk 00:04:08]} {[%emt 00:00:59]} Rd3 {[%clk 00:01:50]} {[%emt
00:00:55]} 40. Rc1 {[%clk 00:01:27]} {[%emt 00:03:11]} Qd7 {[%clk 00:01:41]}
{[%emt 00:00:39]} 41. Nf5 {[%clk 00:23:23]} {[%emt 00:08:34]} Kf8 {[%clk
00:30:44]} {[%emt 00:01:26]} 42. Nd6 {[%clk 00:18:19]} {[%emt 00:05:35]} Bh5
{[%clk 00:29:20]} {[%emt 00:01:54]} 43. Qa8+ {[%clk 00:11:46]} {[%emt
00:07:03]} Nd8 {[%clk 00:27:51]} {[%emt 00:01:59]} 44. g4 {[%clk 00:04:27]}
{[%emt 00:07:49]} Bxg4 {[%clk 00:27:19]} {[%emt 00:01:02]} 45. fxg4 {[%clk
00:03:23]} {[%emt 00:01:33]} Qxg4+ {[%clk 00:27:41]} {[%emt 00:00:08]} 46. Kf1
{[%clk 00:03:48]} {[%emt 00:00:05]} Qh3+ {[%clk 00:28:00]} {[%emt 00:00:11]}
47. Kg1 {[%clk 00:03:23]} {[%emt 00:00:55]} Qg4+ {[%clk 00:27:58]} {[%emt
00:00:32]} 48. Kf1 {[%clk 00:03:45]} {[%emt 00:00:08]} Qh3+ {[%clk 00:28:19]}
{[%emt 00:00:04]} 49. Kg1 {[%clk 00:03:47]} {[%emt 00:00:34]} Qg4+ {[%emt
00:00:03]} 1/2-1/2

[Event "DEM U18w 2024"]
[Site "Willingen GER"]
[Date "2024.05.22"]
[Round "5"]
[White "Modali, Nikhilamrutha"]
[Black "Racky, Selina"]
[Result "0-1"]
[Termination "normal"]
[Board "6"]
[WhiteElo "1608"]
[BlackElo "1711"]
[WhiteClock "00:10:51"]
[BlackClock "01:23:24"]
[PlyCount "102"]
[WhiteFideId "16282370"]
[BlackFideId "16239440"]
[EventCountry "GER"]
[EventRounds "9"]
[EventType "swiss"]
[EventDate "2024.05.18"]

1. e4 {[%clk 01:30:58]} {[%emt 00:00:02]} e5 {[%clk 01:30:54]} {[%emt
00:00:06]} 2. Nf3 {[%clk 01:31:26]} {[%emt 00:00:03]} Nc6 {[%clk 01:31:14]}
{[%emt 00:00:09]} 3. Bc4 {[%clk 01:31:51]} {[%emt 00:00:04]} Be7 {[%clk
01:31:39]} {[%emt 00:00:06]} 4. d4 {[%clk 01:29:04]} {[%emt 00:03:18]} d6
{[%clk 01:31:53]} {[%emt 00:00:15]} 5. dxe5 {[%clk 01:18:21]} {[%emt 00:11:13]}
dxe5 {[%clk 01:32:07]} {[%emt 00:00:16]} 6. Qxd8+ {[%clk 01:16:14]} {[%emt
00:02:37]} Bxd8 {[%clk 01:32:11]} {[%emt 00:00:26]} 7. Ng5 {[%clk 01:08:43]}
{[%emt 00:08:01]} Nh6 {[%clk 01:32:10]} {[%emt 00:00:30]} 8. Nc3 {[%clk
01:05:33]} {[%emt 00:03:41]} Nd4 {[%clk 01:29:52]} {[%emt 00:02:49]} 9. Bd3
{[%clk 01:03:53]} {[%emt 00:02:10]} O-O {[%clk 01:29:37]} {[%emt 00:00:44]} 10.
Nf3 {[%clk 01:00:31]} {[%emt 00:03:52]} Ng4 {[%clk 01:26:26]} {[%emt 00:03:41]}
11. Nxd4 {[%clk 00:52:24]} {[%emt 00:08:38]} exd4 {[%clk 01:24:38]} {[%emt
00:02:17]} 12. Ne2 {[%clk 00:52:15]} {[%emt 00:00:39]} c5 {[%clk 01:24:42]}
{[%emt 00:00:26]} 13. Bf4 {[%clk 00:46:45]} {[%emt 00:06:00]} f6 {[%clk
01:23:39]} {[%emt 00:01:33]} 14. Bd6 {[%clk 00:45:25]} {[%emt 00:01:50]} Ba5+
{[%clk 01:18:00]} {[%emt 00:06:09]} 15. Kf1 {[%clk 00:43:21]} {[%emt 00:02:34]}
Rd8 {[%clk 01:18:00]} {[%emt 00:00:30]} 16. Bxc5 {[%clk 00:41:41]} {[%emt
00:02:11]} Bb6 {[%clk 01:16:56]} {[%emt 00:01:34]} 17. Bxb6 {[%clk 00:41:02]}
{[%emt 00:01:09]} axb6 {[%clk 01:17:21]} {[%emt 00:00:05]} 18. Rd1 {[%clk
00:40:45]} {[%emt 00:00:47]} Be6 {[%clk 01:15:38]} {[%emt 00:02:12]} 19. a3
{[%clk 00:39:29]} {[%emt 00:01:47]} Rac8 {[%clk 01:12:02]} {[%emt 00:04:05]}
20. Nf4 {[%clk 00:24:44]} {[%emt 00:15:15]} Bf7 {[%clk 01:12:11]} {[%emt
00:00:21]} 21. Rd2 {[%clk 00:21:17]} {[%emt 00:03:58]} Ne5 {[%clk 01:08:41]}
{[%emt 00:03:59]} 22. Ke2 {[%clk 00:19:31]} {[%emt 00:02:17]} g5 {[%clk
01:07:44]} {[%emt 00:01:26]} 23. Nh3 {[%clk 00:18:42]} {[%emt 00:01:19]} Bh5+
{[%clk 01:06:32]} {[%emt 00:01:41]} 24. f3 {[%clk 00:16:54]} {[%emt 00:02:19]}
g4 {[%clk 01:06:35]} {[%emt 00:00:28]} 25. Ng1 {[%clk 00:16:52]} {[%emt
00:00:32]} Kf7 {[%clk 01:05:12]} {[%emt 00:01:53]} 26. h3 {[%clk 00:16:00]}
{[%emt 00:01:22]} gxf3+ {[%clk 01:04:19]} {[%emt 00:01:23]} 27. gxf3 {[%clk
00:15:30]} {[%emt 00:01:00]} Rg8 {[%clk 01:04:25]} {[%emt 00:00:23]} 28. Kf2
{[%clk 00:15:11]} {[%emt 00:00:49]} Rg7 {[%clk 01:01:49]} {[%emt 00:03:07]} 29.
f4 {[%clk 00:13:00]} {[%emt 00:02:41]} Nxd3+ {[%clk 00:59:11]} {[%emt
00:03:08]} 30. cxd3 {[%clk 00:12:40]} {[%emt 00:00:50]} Rc1 {[%clk 00:57:33]}
{[%emt 00:02:08]} 31. b4 {[%clk 00:10:04]} {[%emt 00:03:06]} Ke6 {[%clk
00:56:54]} {[%emt 00:01:09]} 32. f5+ {[%clk 00:09:48]} {[%emt 00:00:46]} Kd6
{[%clk 00:56:55]} {[%emt 00:00:28]} 33. a4 {[%clk 00:07:46]} {[%emt 00:02:33]}
Be8 {[%clk 00:56:34]} {[%emt 00:00:51]} 34. b5 {[%clk 00:06:30]} {[%emt
00:01:46]} Kc5 {[%clk 00:54:47]} {[%emt 00:02:16]} 35. h4 {[%clk 00:05:01]}
{[%emt 00:01:59]} Bh5 {[%clk 00:54:25]} {[%emt 00:00:53]} 36. Rb2 {[%clk
00:03:09]} {[%emt 00:02:23]} Rg8 {[%clk 00:54:22]} {[%emt 00:00:32]} 37. Rd2
{[%clk 00:03:08]} {[%emt 00:00:31]} Kb4 {[%clk 00:54:38]} {[%emt 00:00:14]} 38.
Rb2+ {[%clk 00:01:58]} {[%emt 00:01:40]} Kc3 {[%clk 00:54:45]} {[%emt
00:00:22]} 39. Ra2 {[%clk 00:01:47]} {[%emt 00:00:42]} Kb3 {[%clk 00:54:10]}
{[%emt 00:01:05]} 40. Rd2 {[%clk 00:01:59]} {[%emt 00:00:17]} Ra1 {[%clk
00:54:11]} {[%emt 00:00:29]} 41. a5 {[%clk 00:23:32]} bxa5 {[%clk 01:24:13]}
{[%emt 00:09:26]} 42. b6 {[%clk 00:23:56]} a4 {[%clk 01:24:02]} {[%emt
00:00:47]} 43. Nf3 {[%clk 00:20:48]} Rxh1 {[%clk 01:23:58]} {[%emt 00:04:12]}
44. e5 {[%clk 00:19:41]} fxe5 {[%clk 01:23:03]} {[%emt 00:03:02]} 45. f6 Bxf3
46. f7 {[%clk 00:17:37]} {[%emt 00:02:12]} Rf8 {[%clk 01:23:36]} {[%emt
00:00:05]} 47. Kg3 {[%clk 00:13:35]} {[%emt 00:04:31]} Rxf7 {[%clk 01:23:49]}
{[%emt 00:00:18]} 48. h5 {[%clk 00:13:17]} {[%emt 00:00:47]} a3 {[%clk
01:24:10]} {[%emt 00:00:10]} 49. h6 {[%clk 00:13:18]} {[%emt 00:00:29]} Rg1
{[%clk 01:23:00]} {[%emt 00:01:40]} 50. Kh4 {[%emt 00:03:53]} Rf6 51. Rh2
{[%clk 00:10:51]} Rxh6+ {[%clk 01:23:24]} {[%emt 00:00:09]} 0-1